000
00300nam a2200121Ia 4500
008
190723s9999 xx 000 0 und d
020
_a
978-1-118-37075-9
100
_a
Ron Dimon
245
0
_a
EnterPRISE Performance Management
260
_a
Canada
_b
John Wiley
_c
2013
300
_a
186
942
_c
BK
999
_c
1222
_d
1222